| 000 | 00755nam a22001817a 4500 | ||
|---|---|---|---|
| 003 | NUST | ||
| 005 | 20260121180502.0 | ||
| 082 | _a621.382,SHA | ||
| 100 |
_aShahid, Muhammad Ali _9132878 |
||
| 245 |
_aWater quality and quantity measuring system with prepaid billing / _cMuhammad Ali Shahid, Adil Awan, Usman Ali Shah and Jawad Mehboob (BETE-53) |
||
| 260 |
_aRawalpindi _bMCS (NUST) _cJuly, 2020 |
||
| 300 | _axii, 23p.; | ||
| 505 | _aIntroduction (Page-1), Literature Review (Page-4), Hardware Design and Proposed Methodology (Page-8), Conclusion and Future Direction (Page-20), References (Page-22). | ||
| 650 |
_aUG Project _9131132 |
||
| 651 |
_aBETE-53 _9132872 |
||
| 700 |
_aSupervised by Asst. Prof. Dr. Abdul Wakeel. _9132877 |
||
| 942 |
_2ddc _cPR |
||
| 999 |
_c615892 _d615892 |
||